<?xml version="1.0" encoding="UTF-8"?>
<record
    xmlns:xsi="http://www.w3.org/2001/XMLSchema-instance"
    xsi:schemaLocation="http://www.loc.gov/MARC21/slim http://www.loc.gov/standards/marcxml/schema/MARC21slim.xsd"
    xmlns="http://www.loc.gov/MARC21/slim">

  <leader>01095na  a2200277   4500</leader>
  <controlfield tag="001">17144</controlfield>
  <controlfield tag="003">MIRAKIL</controlfield>
  <controlfield tag="005">20181213155103.0</controlfield>
  <controlfield tag="008">161022b        tu            000 0      </controlfield>
  <datafield tag="035" ind1=" " ind2=" ">
    <subfield code="a">17144</subfield>
  </datafield>
  <datafield tag="040" ind1=" " ind2=" ">
    <subfield code="a">Milas</subfield>
    <subfield code="b">tur</subfield>
    <subfield code="c">TR-AnCHP</subfield>
  </datafield>
  <datafield tag="041" ind1=" " ind2=" ">
    <subfield code="a">tur</subfield>
  </datafield>
  <datafield tag="082" ind1=" " ind2=" ">
    <subfield code="a">341.763026</subfield>
    <subfield code="b">T39t [t.y.]</subfield>
  </datafield>
  <datafield tag="090" ind1=" " ind2=" ">
    <subfield code="a">341.763026 T39t [t.y.]</subfield>
  </datafield>
  <datafield tag="110" ind1=" " ind2=" ">
    <subfield code="a">T&#xFC;rkiye Ticaret, Kooperatif, E&#x11F;itim, B&#xFC;ro ve G&#xFC;zel Sanatlar &#x130;&#x15F;&#xE7;ileri Sendikas&#x131; (TEZ-KOOP-&#x130;&#x15E;)</subfield>
  </datafield>
  <datafield tag="245" ind1=" " ind2=" ">
    <subfield code="a">T.C. Anayasas&#x131; &#xE7;al&#x131;&#x15F;ma hayat&#x131; ile ilgili uluslararas&#x131; s&#xF6;zle&#x15F;meler</subfield>
    <subfield code="c">T&#xFC;rkiye Ticaret, Kooperatif, E&#x11F;itim, B&#xFC;ro ve G&#xFC;zel Sanatlar &#x130;&#x15F;&#xE7;ileri Sendikas&#x131; (TEZ-KOOP-&#x130;&#x15E;)</subfield>
  </datafield>
  <datafield tag="246" ind1=" " ind2=" ">
    <subfield code="a">uluslararas&#x131; s&#xF6;zle&#x15F;meler</subfield>
  </datafield>
  <datafield tag="260" ind1=" " ind2=" ">
    <subfield code="a">Ankara</subfield>
    <subfield code="b">TEZ-KOOP-&#x130;&#x15E;</subfield>
    <subfield code="c">[t.y.]</subfield>
  </datafield>
  <datafield tag="300" ind1=" " ind2=" ">
    <subfield code="a">310 s.</subfield>
  </datafield>
  <datafield tag="490" ind1=" " ind2=" ">
    <subfield code="a">TEZ-KOOP-&#x130;&#x15E; Sendikas&#x131; E&#x11F;itim yay&#x131;nlar&#x131;</subfield>
    <subfield code="v">15</subfield>
  </datafield>
  <datafield tag="651" ind1=" " ind2=" ">
    <subfield code="a">T&#xFC;rkiye</subfield>
    <subfield code="x">Uluslararas&#x131; s&#xF6;zle&#x15F;meler</subfield>
    <subfield code="z">Sosyal g&#xFC;venlik </subfield>
  </datafield>
  <datafield tag="651" ind1=" " ind2=" ">
    <subfield code="a">T&#xFC;rkiye</subfield>
    <subfield code="x">Uluslararas&#x131; s&#xF6;zle&#x15F;meler</subfield>
    <subfield code="z">&#x130;&#x15F; hukuku</subfield>
  </datafield>
  <datafield tag="651" ind1=" " ind2=" ">
    <subfield code="a">T&#xFC;rkiye</subfield>
    <subfield code="x">Uluslararas&#x131; s&#xF6;zle&#x15F;meler</subfield>
    <subfield code="z">&#xC7;al&#x131;&#x15F;ma hayat&#x131;</subfield>
  </datafield>
  <datafield tag="651" ind1=" " ind2=" ">
    <subfield code="a">T&#xFC;rkiye</subfield>
    <subfield code="x">Anayasa</subfield>
  </datafield>
  <datafield tag="942" ind1=" " ind2=" ">
    <subfield code="2">ddc</subfield>
    <subfield code="c">BKS</subfield>
  </datafield>
  <datafield tag="952" ind1=" " ind2=" ">
    <subfield code="a">0001</subfield>
    <subfield code="b">0001</subfield>
    <subfield code="d">2016-10-22</subfield>
    <subfield code="e">2</subfield>
    <subfield code="l">0</subfield>
    <subfield code="o">341.763026 T39t [t.y.]</subfield>
    <subfield code="p">005475</subfield>
    <subfield code="r">2016-10-22 00:00:00</subfield>
    <subfield code="v">0.00</subfield>
    <subfield code="w">2016-10-22</subfield>
    <subfield code="y">BKS</subfield>
  </datafield>
  <datafield tag="999" ind1=" " ind2=" ">
    <subfield code="c">6322</subfield>
    <subfield code="d">6322</subfield>
  </datafield>
</record>
